ბათუმის შოთა რუსთაველის სახელმწიფო უნივერსიტეტის ბიბლიოთეკა

The Acropolis of Athens : (ბიბ.ჩანაწერი № 60671)

000 -LEADER
fixed length control field 00568nam a22001697a 4500
005 - DATE AND TIME OF LATEST TRANSACTION
control field 20231005121345.0
008 - FIXED-LENGTH DATA ELEMENTS--GENERAL INFORMATION
fixed length control field 231005s1979 enk||||| |||| 00| 0 eng d
041 ## - LANGUAGE CODE
Language code of text/sound track or separate title eng
080 ## - UNIVERSAL DECIMAL CLASSIFICATION NUMBER
Universal Decimal Classification number 902 D-72
100 ## - MAIN ENTRY--PERSONAL NAME
Personal name Dontas, George
9 (RLIN) 20004
245 ## - TITLE STATEMENT
Title The Acropolis of Athens :
Remainder of title An Historical and Aesthetic Tour
Statement of responsibility, etc. George Dontas.
264 ## - PRODUCTION, PUBLICATION, DISTRIBUTION, MANUFACTURE, AND COPYRIGHT NOTICE
Place of production, publication, distribution, manufacture Athens,
Date of production, publication, distribution, manufacture, or copyright notice 1979.
300 ## - PHYSICAL DESCRIPTION
Extent 48 p.;
Other physical details ill.:
Dimensions 17 cm.
653 ## - INDEX TERM--UNCONTROLLED
keyword ათენის აკროპოლისი
653 ## - INDEX TERM--UNCONTROLLED
keyword ისტორიული და ესთეტიკური ტური
942 ## - ADDED ENTRY ELEMENTS (KOHA)
Source of classification or shelving scheme
Koha item type წიგნი
ეგზემპლარები
Withdrawn status Lost status Source of classification or shelving scheme Damaged status Not for loan Permanent Location Current Location Shelving location Date acquired Cost, normal purchase price Full call number Barcode Date last seen Copy number Uniform Resource Identifier Price effective from Koha item type Public note
          ბათუმის შოთა რუსთაველის სახელმწიფო უნივერსიტეტის მთავარი ბიბლიოთეკა ბათუმის შოთა რუსთაველის სახელმწიფო უნივერსიტეტის მთავარი ბიბლიოთეკა წიგნსაცავი 2023-10-05 5.00 902 D-72 65257 2023-10-05 65257 ბსუ-ს საპატიო დოქტორის გურამ ლორთქიფანიძის საჩუქარი 2023-10-05 წიგნი 5 ლ.